Initialed People II Quiz Stats

 Plays Quiz Updated Jul 18, 2019

Score 0/24 Timer 07:00
0 Plays Today
Full Name Initialled name % Correct
Ladies LoveL L Cool J
79.7%
James CashJ C Penney
68.1%
Benjamin FranklinB F Goodrich
56.7%
edward estline e cummings
55.4%
Jeffrey JacobJ J Abrams
49.2%
Leon LeonwoodL L Bean
47.6%
Kate Victoria (known as KT)K T Tunstall
44%
William Edward BurghardtW E B Du Bois
40.9%
David HerbertD H Lawrence
40.7%
Richard JoshuaR J Reynolds
34.5%
Ieoh MingI M Pei
33.1%
William ClaudeW C Fields
31.9%
Full Name Initialled name % Correct
Yelberton AbrahamY A Tittle
30.2%
Susan EloiseS E Hinton
23.4%
Billy JoeB J Thomas
19.4%
Virginia CleoV C Andrews
16.8%
James Ewell BrownJ E B Stuart
16.7%
Donald JosephD J Qualls
15.1%
Carol Christine HilariaC C H Pounder
15.1%
Polly JeanP J Harvey
14.2%
Edgar LawrenceE L Doctorow
12.2%
Patrick JakeP J O'Rourke
11.5%
Everett GrunzE G Marshall
10.8%
Pieter WillemP W Botha
9.1%

You're not logged in!

Compare scores with friends on all Sporcle quizzes.
OR
Log In

Sporcle TV

Today on Sporcle TV


Watch our educational content, quiz creation guides, and fun videos on Sporcle TV.

Show Comments

Extras

Top Quizzes Today


Score Distribution

Your Account Isn't Verified!

In order to create a playlist on Sporcle, you need to verify the email address you used during registration. Go to your Sporcle Settings to finish the process.

Report this User

Report this user for behavior that violates our Community Guidelines.

Details: